Düşen enflasyon ortamında yaşamak (Record no. 7631)

MARC details
000 -BAŞLIK
Sabit Uzunlukta Kontrol Alanı 00648na a2200229 4500
001 - KONTROL NUMARASI
Denetim Alanı 20695
003 - KONTROL NUMARASI IDENTIFIER
Denetim Alanı MIRAKIL
005 - SON İŞLEM TARİHİ VE ZAMANI
Denetim Alanı 20181213155145.0
008 - SABİT-BOY VERİ ELEMANLARI - GENEL BİLGİLER
Sabit Uzunlukta Kontrol Alanı 170126b tu 000 0
040 ## - KATALOGLAMA KAYNAK
Orijinal Kataloglama Ajansı Milas
Kataloglama Dili tur
Metne Dönüştürmek Ajansı TR-AnCHP
041 ## - DİL KODU
Metin / Ses Parça Veya Ayrı Başlığın Dil Kodu tur
082 ## - DEWEY ONLU SINIFLANDIRMA NUMARASI
Sınıflandırma Numarası 332.41
Ürün Numarası K26d 2004
090 ## - SINIFLAMA NUMARASI
Sınıflama Numarası 332.41 K26d 2004
110 ## - ANA GİRİŞ - KURUMSAL ADI
Giriş Elemanı Olarak Kurumsal Ad Veya Yargı Alanı Adı Karacabey, Argun
245 ## - BAŞLIK TABLOSU
Başlık Düşen enflasyon ortamında yaşamak
Sorumluluk Tablosu, Vb derleyen Argun Karacabey
260 ## - YAYIN, DAĞITIM, VB
Yayın, Dağıtım, Vb Yeri Ankara
Yayıncı, Dağıtıcı, Vs Adı Ankara Sanayi Odası
Yayın, Dağıtım, Vb Tarihi 2004
300 ## - FİZİKSEL TANIM
Kapsam 101 s.
Diğer Fiziksel Ayrıntıları res. ; grf.
Boyutlar 20 sm.
490 ## - SERİSİ TABLOSU
Seri Beyanı Ankara Sanayi Odası yayını
Hacim / Ardışık Tanımı 53
504 ## - KAYNAKÇA VB NOT
Kaynakça Vb Notu Kaynakça var.
650 ## - KONU KATMA GİRİŞ - TOPİKAL DÖNEM
Topikal Süreli Veya Coğrafi Ad Giriş Elemanı Enflasyon
Coğrafi Alt Bölümü Türkiye
942 ## - EKLENDİ GİRİŞ ELEMANLARI (KOHA)
Sınıflandırma Veya Raf Düzeni Kaynak Dewey Decimal Classification
Koha Öğesi Türü Books
999 ## - SİSTEM KONTROL NUMARALARI (KOHA)
Koha Biblionumber 7631
Koha Biblioitemnumber 7631
Holdings
Kalıcı Konum Mevcut Konum Edinme Tarihi Edinim Kaynak Toplam Check-Out'Lar Tam Çağrı Numarası Barkod Tarih Son Görülme İtibaren Geçerli Fiyatlar Koha Öğesi Türü
CHP Kütüphanesi CHP Kütüphanesi 01/26/2017 Bağış   332.41 K26d 2004 012110 01/26/2017 01/26/2017 Books